[Event "Imperia Corallo op-B 1st"]
[Site "Imperia"]
[Date "2006.11.26"]
[Round "4.11"]
[White "Faggionato, Stefano"]
[Black "Dritsakos, Irene"]
[Result "0-1"]
[WhiteElo "1236"]
[BlackElo "1437"]
[PlyCount "56"]
[EventDate "2006.11.24"]
[EventType "swiss"]
[EventRounds "4"]
[EventCountry "ITA"]
[SourceTitle "EXT 2024"]
[Source "ChessBase"]
[SourceDate "2023.10.10"]
[SourceVersion "1"]
[SourceVersionDate "2023.10.10"]
[SourceQuality "1"]

1. d4 d5 2. Nc3 Nf6 3. Bg5 Nbd7 4. f3 e5 5. dxe5 Nxe5 6. f4 Nc4 7. b3 Nb2 8. Qc1 Ba3 9. Nb1 Nd3+ 10. cxd3 Bxc1 11. Nc3 Bb2 12. Rb1 Bxc3+ 13. Kd1 Bg4 14. h3 h6 15. Bxf6 Qxf6 16. hxg4 0-0-0 17. g5 Qxf4 18. Nf3 Rde8 19. gxh6 Rxh6 20. Rxh6 Qxh6 21. Rc1 Bb2 22. Rc2 Ba3 23. g4 Rh8 24. g5 Qb6 25. e4 Qe3 26. Be2 Rh1+ 27. Bf1 Rxf1+ 28. Ne1 Rxe1# 0-1